| 000 | 00996cam a22003015a 4500 | ||
|---|---|---|---|
| 001 | 18346598 | ||
| 005 | 20151025115521.0 | ||
| 008 | 141024t2015 nju frb 001 0 eng d | ||
| 010 | _a 2014023882 | ||
| 020 | _a9780691164823 | ||
| 040 |
_aDLC _beng _cDLC _dEG-ScBUE |
||
| 043 |
_af------ _aa------ |
||
| 082 | 0 | 4 |
_a320.557 _bISL _222 |
| 245 | 0 | 0 |
_aIslamic political thought : _ban introduction / _cedited by Gerhard Böwering. |
| 260 |
_aPrinceton ; _aOxford : _bPrinceton University Press, _cc.2015. |
||
| 300 |
_avi, 289 p. ; _c23 cm. |
||
| 500 | _aIndex : p. 275-289. | ||
| 504 | _aIncludes bibliographical references. | ||
| 650 | 0 |
_aPolitical science _zIslamic countries. _2BUEsh |
|
| 650 | 0 |
_aPolitical science _xPhilosophy. _2BUEsh |
|
| 650 | 0 |
_aIslam and state. _2BUEsh |
|
| 650 | 0 |
_aIslam and politics. _2BUEsh |
|
| 651 | _2BUEsh | ||
| 653 |
_bBUSBOL _cOctober2015 |
||
| 655 |
_vReading book _934232 |
||
| 700 | 1 |
_aBöwering, Gerhard, _d1939-, _eeditor. |
|
| 942 |
_2ddc _k320.557 ISL |
||
| 999 |
_c20965 _d20937 |
||